| 000 | 00378cam a2200145ua 4500 | ||
|---|---|---|---|
| 020 | _a8126511389 | ||
| 020 | _a9788126511389 | ||
| 082 |
_a550.066 _bBER/GE |
||
| 100 | _aBernhardsen , Tor . | ||
| 245 | _aGeographic information system: An Introduction / | ||
| 250 | _a3 / | ||
| 260 |
_aNew Delhi : _bWiley India Pvt.Limited , _c2002. |
||
| 300 |
_a428 ; _e`. |
||
| 942 | _cBK | ||
| 999 |
_c13099 _d13099 |
||